000
00256nam a22001097a 4500
082
_a
621.381 CAR'S
100
_a
CARROLL, J. M
_9
77142
245
_a
SECRETS OF ELECTRONIC ESPIONAGE
260
_a
NEWYORK
_b
E. P. DUCTON
_c
1966
300
_a
224P
942
_c
BK
999
_c
584645
_d
584645